Милитаризмът на САЩ - военна машина, блокове, бази, актове на агресия (Запис номер 118141)
[ съкратено ]
| 000 -Лидер | |
|---|---|
| Контролно поле с фиксирана дължина | 02341nam a2200397 c 4500 |
| 003 - Код на организацията, давaща контролен номер | |
| Контролно поле | BLK |
| 005 - Дата и час на последна редакция | |
| Контролно поле | 20180422110516.0 |
| 008 - Елементи от данни с фиксирана дължина | |
| fixed length control field | 180409b bul|||||r ||||||| ||bul|| |
| 010 ## - Наследен системен номер | |
| LC control number | KNG00123742000 |
| 040 ## - Източник на каталожния запис | |
| Идентификатор на билиотеката - собственик на записа | BLK |
| 041 ## - Код за език | |
| Код за езика на текст/звукозапис или на отделно заглавие | Български |
| Код за езика КДБФ | Български |
| 080 ## - УДК | |
| Текстов определител УДК | Милитаризмът като психоза |
| УДК код - определител по УДК | 355.015 |
| УДК определител | (73)(035) |
| УДК - код + определител | 355.015(73)(035) |
| 080 ## - УДК | |
| Текстов определител УДК | Международни политически отношения. Световна политика. Международна политика. Дипломация |
| УДК код - определител по УДК | 327 |
| УДК определител | (73)(035) |
| УДК - код + определител | 327(73)(035) |
| 100 1# - Редна дума - Автор | |
| Автор | Алексеев, Рудолф Фьодорович |
| Авторска отговорност | първи автор |
| R(LIN) | 315537 |
| 139 ## - Редно поле | |
| Редна дума | Алексеев, Рудолф Фьодорович и др. |
| Авторски знак | Алекс - А 51 |
| 245 10 - Сведения за заглавието | |
| Заглавие | Милитаризмът на САЩ - военна машина, блокове, бази, актове на агресия |
| Подзаглавни данни | Справ. |
| Редно поле (дума) | Рудолф Фьодорович Алексеев; съавт. Андрей Владимирович Крутских; съавт. Александър Александрович Светлов; прев. от рус. Магдалена Атанасова; прев. от рус. Гюргена Чакърова. |
| 257 ## - Страна на издаване | |
| Страна на създаване/издаване | СССР |
| 260 ## - Област на издателските данни | |
| -- | София |
| Име на издателя, разпространителя и проч. | Партиздат |
| Година на издаване | 1987 |
| Печатница | В. Търново : Д. Найденов |
| 300 ## - Физическа характеристика | |
| Страници | 316 с. |
| Размери/Мащаб | 20 см |
| 380 ## - Жанр | |
| Жанр | Обществени науки |
| 500 ## - Общи забележки | |
| Забележка | Ориг. загл. Милитаризм США : военная машина, блоки, базы и акты агрессии / Р. Ф. Алексеев, А. В. Крутских, А. А. Светлов. |
| 650 #4 - Допълнително описание по предмет – тема | |
| Основно описание – тема или топоним | Милитаризъм - САЩ |
| 9 (RLIN) | 315030 |
| 651 #4 - Допълнително описание по предмет - топоним | |
| Географско понятие | САЩ |
| 9 (RLIN) | 179493 |
| 653 ## - Ключова дума – ненормативна | |
| Ключова дума | милитаризъм |
| 653 ## - Ключова дума – ненормативна | |
| Ключова дума | САЩ |
| 653 ## - Ключова дума – ненормативна | |
| Ключова дума | политически идеи |
| 700 1# - Други автори (авторска отговорност) | |
| Лично име | Крутских, Андрей Владимирович |
| Автороска отговорност (Описва отношението между автора и произведението) | съавт. |
| 9 (RLIN) | 84526 |
| 700 1# - Други автори (авторска отговорност) | |
| Лично име | Светлов, Александър Александрович |
| Автороска отговорност (Описва отношението между автора и произведението) | съавт. |
| 9 (RLIN) | 315538 |
| 700 1# - Други автори (авторска отговорност) | |
| Лично име | Атанасова, Магдалена |
| Автороска отговорност (Описва отношението между автора и произведението) | прев. от рус. |
| 9 (RLIN) | 368678 |
| 700 1# - Други автори (авторска отговорност) | |
| Лично име | Чакърова, Гюргена |
| Автороска отговорност (Описва отношението между автора и произведението) | прев. от рус. |
| 9 (RLIN) | 315539 |
| 852 ## - Местоположение | |
| Форматна сигнатура | Цб 147120 |
| 856 4# - Електронен адрес и достъп | |
| Електронен формат | pdf - файл |
| Път до файла /url/ | |
| 856 4# - Електронен адрес и достъп | |
| Електронен формат | pdf - файл |
| Път до файла /url/ | |
| 942 ## - АРТИКУЛИ | |
| Вид на библиотечния материал | Книги |
| Скрит в OPAC | Не |
| 944 ## - СЪЗДАВАНЕ И РЕДАКЦИЯ на ЗАПИСА | |
| Създаване/Редакция | Създаване |
| Дата на регистрацията/редакция | 22.06.2011 |
| Статус, дата на статуса | 22.06.2011 - от С1,Р / 22.06.2011 |
| Служител, извършил регистрацията/редакцията | Виолета_Тройчева |
| 944 ## - СЪЗДАВАНЕ И РЕДАКЦИЯ на ЗАПИСА | |
| Създаване/Редакция | Редакция |
| Дата на регистрацията/редакция | 22.06.2011 |
| Статус, дата на статуса | 22.06.2011 - от С1,Р / 22.06.2011 |
| Служител, извършил регистрацията/редакцията | |
| 999 ## - СИСТЕМНИ КОНТРОЛНИ НОМЕРА | |
| Koha biblionumber | 118141 |
| Koha biblioitemnumber | 118141 |
| Код за отписване | Код за изгубен артикул | Източник на класификационната схема | Код за повреда | Коз за рестрикции | Код за отдаване | Артикулен № | Име на библиотеката - собственик | Име на библиотеката, в която се намира в момента | Статус (Текущо местоположение) | Дата на вписване в системата | Местоположение - отдел | Цена в лева | Инвентарен номер | Систематично азбучна сигнатура | Баркод | Номер на екземпляра | Цена в евро | Служебна бележка | Служебен тип на артикула |
|---|---|---|---|---|---|---|---|---|---|---|---|---|---|---|---|---|---|---|---|
| Не е изгубен | Universal Decimal Classification | Не е повреден | без рестрикции | ползва се в читалня | 190406 | Регионална библиотека "Любен Каравелов" Русе | Регионална библиотека "Любен Каравелов" Русе | Хранилище | 1987-01-01 | Хранилище | 2.14 | 475017 | Цб 147120 | 120000475017 | 1 | 1.09 | Дост: Dp Вид: Д N: стар фонд Дата: 01.01.1987 | Книги |